Botanika pro 7. ročník výzkumných škol : pokusná učebnice /

Hlavní autor: Strumhaus, Oldřich, 1905-1964
Jazyk: Čeština
Vydáno: Praha : SPN, 1961
Vydání: 3. nezm. vyd.
Edice: Učebnice pro všeobecně vzdělávací školy
Témata:
Fyzický popis: 86 s.
Knihy
Uloženo v:
LEADER 01054nam a22002652a 4500
001 000799047
003 CZ BrMZK
005 20141031074313.0
007 ta
008 051125s1961 xr er|||||||||||cze d
015 |a cnb000516098 
035 |a (OCoLC)85331314 
040 |a BOA001  |b cze 
100 1 |a Strumhaus, Oldřich,  |d 1905-1964  |7 jk01121508  |4 aut 
245 1 0 |a Botanika pro 7. ročník výzkumných škol :  |b pokusná učebnice /  |c zprac. Oldřich Strumhaus ; il. Olga Beráková, ... [et al.] 
250 |a 3. nezm. vyd. 
260 |a Praha :  |b SPN,  |c 1961 
300 |a 86 s. 
490 1 |a Učebnice pro všeobecně vzdělávací školy 
830 0 |a Učebnice pro všeobecně vzdělávací školy  |0 s 
910 |a BOA001  |b PK-0021.041-61  |b 2-0436.317-61 
964 |a Botanika - učebnice pokusné - školy střední osmileté 
990 |a BK 
996 6 |b 2619098595  |c 2-0436.317-61  |l MZK  |r Sklad / do 24 hodin  |n 0  |w 000799047  |u 000020  |a 1  |e BOA001  |j MZK50  |s P 
996 6 |b BC-247416  |c PK-0021.041-61  |l MZK  |r Sklad / do 1 hodiny  |n 0  |w 000799047  |u 000010  |a 1  |e BOA001  |j MZK50  |s P